Restenosis; mechanisms and its prevention after percutaneous coronary intervention
Elmentve itt :
| Szerző: | |
|---|---|
| További közreműködők: | |
| Dokumentumtípus: | Disszertáció |
| Megjelent: |
2004
|
| Tárgyszavak: | |
| Online Access: | http://doktori.ek.szte.hu/212 |
| LEADER | 00496nta a2200157 i 4500 | ||
|---|---|---|---|
| 001 | dokt212 | ||
| 005 | 20190620160209.0 | ||
| 008 | 100513s2004 hu om 0|| eng d | ||
| 040 | |a SZTE Doktori Repozitórium |b hun | ||
| 041 | |a eng | ||
| 100 | 1 | |a Thury Attila | |
| 245 | 1 | 0 | |a Restenosis; mechanisms and its prevention after percutaneous coronary intervention |h [elektronikus dokumentum] / |c Thury Attila |
| 260 | |c 2004 | ||
| 502 | |a Disszertacio | ||
| 650 | 4 | |a klinikai orvostudományok | |
| 700 | 1 | |a Forster Tamás |e ths | |